Chanteurs par lettre. W/Y/Z - Statistiques

Statistiques générales
  • Ce quiz a été pris 228 fois
  • Le résultat moyen est 9 sur 15
Statistiques - réponses
Chansons Chanteurs % Correct
Je veux / On ira Zaz
94%
Rue de la paix / Je suis un homme Zazie
89%
Ego / Mi gente Willy William
81%
Double je / PS je t'aime Christophe Willem
80%
Fous ta cagoule / Parle à ma main Michael Youn
78%
Happy / Freedom Pharell Williams
76%
Clic clic pan pan / Soleil et nanas Yanns
65%
Ces soirées-là / J'aime ta maille Yannick
55%
Temps en temps / Amber Zola
43%
On se connaît / Mon Roi Youssoupha
41%
Fixette / Akimbo Ziak
39%
Chemin d'or / Laboratoire Werenoi
34%
Stronger / Runaway Kanye West
30%
Tourner la page / T'étais où Zaho
28%
Maldon / Sa ké cho Zouk Machine
27%
Aucun quiz correspondant
Distribution des résultats
% des personnes avec chaque résultat
Percentile par nombre de réponses
Votre historique - résultats
Vous n’avez pas pris ce quiz